000 02201nam0a2200337 4500
001 RU\NLR\BIBL_A\022380874
005 20260420021507.0
010 _a978-5-906477-49-1
_9100
021 _aRU
_bКН-П-24-060117
_9КН-П-24-5976
035 _a(NLR Aleph) 022380874
090 _a13670084
_c13670084
100 _a20241113d2024 u y0rusy50 ca
101 0 _arus
102 _aRU
105 _aa j 000yy
181 0 _ai3
_baxxe
182 0 _an
200 1 _aКомплексный контроль функционального психофизиологического состояния и физической подготовленности в процессе занятий физической культурой и спортом
_eучебное пособие
_fО. Н. Московченко, О. А. Катцин, Д. А. Шубин
_gМинистерство просвещения Российской Федерации, Красноярский государственный педагогический университет имени В. П. Астафьева, Министерство сельского хозяйства Российской Федерации, Красноярский государственный аграрный университет
203 _aТекст
_bвизуальный
_cнепосредственный
210 _aКрасноярск
_cВерсона
_d2024
215 _a169 с.
_cил., табл.
_d29
320 _aБиблиогр. в конце глав
606 1 _aСпортивная тренировка
_jУчебные издания для высших учебных заведений
_xПедагогический контроль
_92078358
_3RU\NLR\AUTH\661254206
686 1 _aЧ511.56я73
700 1 _7ca
_8rus
_aМосковченко
_bО. Н.
_cд-р пед. наук
_f1937-
_gОльга Никифоровна
_999079
_3RU\NLR\AUTH\77116154
701 1 _aКатцин
_bО. А.
_gОлег Андреевич
701 1 _aШубин
_bД. А.
_gДмитрий Александрович
942 _cBOOK
980 _aNB